Pattern of insulin secretion after glucose load and mixed meal load in diabetes mellitus in Haryana (Record no. 40754)

MARC details
000 -LEADER
fixed length control field 00373nam a2200133Ia 4500
008 - FIXED-LENGTH DATA ELEMENTS--GENERAL INFORMATION
fixed length control field 230917s9999||||xx |||||||||||||| ||und||
040 ## - CATALOGING SOURCE
-- 93482
Original cataloging agency VIVEKANANDA LIBRARY
041 ## - Language
-- English
082 ## - DDC NUMBER
Classification number 610 A85P
100 ## - MAIN ENTRY--PERSONAL NAME
Personal name Ahuja, Jagjit
245 #0 - TITLE STATEMENT
Title Pattern of insulin secretion after glucose load and mixed meal load in diabetes mellitus in Haryana
300 ## - PHYSICAL DESCRIPTION
Pages 100 p.
942 ## - ADDED ENTRY ELEMENTS (KOHA)
Koha item type Thesis
Holdings
Withdrawn status Lost status Damaged status Not for loan Location (home branch) Sublocation or collection (holding branch) Shelving location Date acquired Koha issues (times borrowed) Koha full call number Accession No. Koha date last seen Koha item type
        VIVEKANANDA LIBRARY VIVEKANANDA LIBRARY Reference 25/06/2003   610 A85P 106744 17/09/2023 Thesis
© Designed and Maintained by Vivekananda Library, MDU Rohtak